Quizzes
Events
Quiz Creation
Community
Videos
Private Events
Remove Ads
Sign In
Join for FREE
Feedback
Dark Mode
Quiz Categories
Sports
Geography
Music
Movies
Television
Just For Fun
Miscellaneous
History
Literature
Language
Science
Gaming
Entertainment
Religion
Holiday
For Kids
Quiz Lab
Recent
Popular Today
Quiz Kudos Today
Editor Picks
Curator Picks
Quizzes by...
Day
Popularity
Type
Ratings
Length
Year
Community
Subscriptions
Recent Discussions
Orange Saloon
Badges
Playlists
Quests
Create
Leaderboards
Showdown
Live 5
Trivia Bingo
Activity
Puzzle Library
Sporcle Events
Private Events
Virtual Trivia
Globe League
Become a Host
Pub Owners
SporcleCon
Opinionation
Our Games
Videos
Blog
Mobile Apps
Partnerships
Remove Ads and Go Orange
Feedback
Science
Computer
Plants
Astronomy
Chemistry
Elements
Math
Animal
Physics
Anatomy
Biology
Geology
General Science
Science
Computer
Plants
Astronomy
Chemistry
Elements
Math
Animal
Physics
Anatomy
Biology
Geology
General Science
Random Quiz
Search Sporcle
×
Quiz Lab
Quiz Lab
Science
muscle
Type in answers that appear in a list
Type in answers that appear in a list
Classic
Best Score? Go Orange.
Upper Arm / Forearm / Hand Muscles Stats
Can you name the Shoulder / Arm Muscles?
By
emmadodgson9
20m
39 Questions
644 Plays
644 Plays
644 Plays
Comments
Comments
Give Quiz Kudos
Give Quiz Kudos
-
- Ratings
hide this ad
Replay
Link that replays current quiz
Next Quiz
Link to next quiz in quiz playlist
You Got
0%
They Got
Avg Score
74%
Avg Friend Score
Upgrade to see
Score Distribution
Jump to the score distribution portion of the page
Score
0/39
Timer
20:00
0
Plays Today
Muscle Types
Muscle Names
% Correct
Rotator Cuff Muscles
Teres Minor
91.5%
Shoulder Muscles
Deltoid
90.5%
Rotator Cuff Muscles
Supraspinatus
89.3%
Arm: Anterior Muscles
Biceps Brachii
89.3%
Rotator Cuff Muscles
Infraspinatus
89.1%
Arm: Posterior Muscles
Triceps Brachii
88.8%
Extrinsic Back Muscles
Trapezius
87.6%
Forearm: Anterior Superficial Muscles
Flexor Carpi Radialis
87.3%
Forearm: Anterior Superficial Muscles
Flexor Carpi Ulnaris
87%
Rotator Cuff Muscles
Subscapularis
86.6%
Arm: Anterior Muscles
Brachialis
86.5%
Extrinsic Back Muscles
Latissimus Dorsi
84.9%
Forearm: Anterior Superficial Muscles
Pronator Teres
84%
Arm: Anterior Muscles
Coracobrachialis
82.3%
Extrinsic Back Muscles
Rhomboid Major
80.7%
Extrinsic Back Muscles
Rhomboid Minor
80.6%
Forearm: Intermediate Layer
Flexor Digitorum Superficialis
79.5%
Forearm: Posterior Superficial Muscles
Brachioradialis
77.6%
Forearm: Anterior Superficial Muscles
Palmaris Longus
77.3%
Forearm: Posterior Superficial Muscles
Extensor Carpi Ulnaris
75.5%
Muscle Types
Muscle Names
% Correct
Forearm: Anterior Deep Muscles
Flexor Digitorum Profundus
75.2%
Forearm: Posterior Superficial Muscles
Extensor Carpi Radialis Longus
75%
Forearm: Posterior Superficial Muscles
Extensor Carpi Radialis Brevis
75%
Extrinsic Back Muscles
Levator Scapulae
73.8%
Forearm: Posterior Deep Muscles
Supinator
71.6%
Forearm: Anterior Deep Muscles
Pronator Quadratus
71.4%
Forearm: Posterior Deep Muscles
Extensor Pollicis Longus
70.3%
Forearm: Anterior Deep Muscles
Flexor Pollicis Longus
69.9%
Forearm: Posterior Deep Muscles
Extensor Pollicis Brevis
68%
Hand: Intrinsic Mucles
Lumbricals
68%
Forearm: Posterior Superficial Muscles
Extensor Digiti Minimi
66.8%
Forearm: Posterior Deep Muscles
Abductor Pollicis Longus
65.7%
Shoulder Muscles
Pectoralis Major
64.8%
Shoulder Muscles
Serratus Anterior
58.7%
Forearm: Posterior Deep Muscles
Extensor Indicis
57.5%
Hand: Intrinsic Mucles
Interossei
51.7%
Hand: Intrinsic Mucles
Thenar
45.7%
Hand: Intrinsic Mucles
Hypothenar
44.6%
Forearm: Posterior Superficial Muscles
Extensor Digitorum Communis
25%
Quiz Playlist
Details
Report
Send in Message
Add To Playlist
Classic:
Type in answers that appear in a list
Last Updated: Feb 16, 2017
Quiz Scoreboard
CHALLENGE
Sign Up to Join the Scoreboard
Show All
Scores
Hide
Comments
May contain spoilers
Recently Published
Movies - When Are They Set?
by FPL_Elf
Movies
5m
Popular People in 1961
by mucciniale
History
6m
1-10 Letter E Words III
by El_Dandy
Language
2m
More to Explore
Quiz From the Vault
Featured Blog Post
Where Did the Easter Bunny Come From?
hide this ad
You Might Also Like...
Tags
arm
forearm
hand
muscle
Shoulder
Upper
Today's Top Quizzes in Science
Browse Science
hide this ad
Today's Top Quizzes in muscle
Browse muscle
Top Contributed Quizzes in Science
1
One Thing in Common: Science III
2
Quick Pick: 'CI-CJ' Animals
3
Quick Pick: Radians
4
One Thing in Common: Science
5
Sporcle Puzzle Hunt: Science
6
One Thing in Common: Science II
7
Elements In Images
8
Square Numbers Scrambled (1-50)
9
1 to 50
10
Glycolysis
Explore More
Trending Topics
NBA
Kpop
Crossword
Anime
Harry Potter
Marvel
Disney
WWE
NFL
Country
Soccer
Pokémon
Puzzle
Song
The Office
hide this ad
More By:
emmadodgson9
Quiz
Plays
Rating
Category
Featured
Created
Upper Arm / Forearm / Hand Muscles
644
Science
May 3, 2014
Upper Limb Bones / Joints
211
1.00
Science
May 9, 2014
Lower Limb Bones / Joints
189
Science
May 9, 2014
Lower Limb Muscles / Nerves
101
2.00
Science
May 5, 2014
Vertebral Column
88
Science
May 6, 2014
Go to Creator's Profile
Score Distribution
Quiz Creator Spotlight
emmadodgson9
Follow
Send a Message
Quizzes Created
-
Created Quiz Play Count
-
More By This Creator
Popular Quizzes Today
1
Find the Countries of Europe - No Outlines Minefield
2
Find the US States - No Outlines Minefield
3
The Countries of the World
4
Popular People in 1961
5
1-10 Letter E Words III
6
US States
7
Find the US States
8
One Thing in Common: World Cities II
More Science Quizzes
Tusked mammals crosswords
Quiz Lab
Trending Quizzes
Risky Map Clicking: Least Populous States A-Z
Humor Books: The Subtitles
1-10 Letter F Words
1-10 Letter G Words
One Thing in Common: United Kingdom
Recently Updated
Leaping Animals
pecheneg
Reality TV Shows (A-Z)
bhenderson79
Rickey Henderson's Hall of Fame Teammates
pecheneg
Champions League XIs: Arsenal
pecheneg
Quick Pick: Celebrities in WWE's Hall of Fame
aduchscher
A-Z Keypad Blitz II
pecheneg
Multiple Oscar Actors
pecheneg
Mystery Phrase Blitz: Oscar 'Best Actors'
pecheneg
F. Scott Fitzgerald Novels
LTH
Pick 3 Villains
ddd62291
Trending Topics
Harry Potter
NBA
Marvel
Crossword
Anime
Kpop
Disney
Soccer
Pokémon
Puzzle
The Office
NFL
WWE
Country
Song
Your Account Isn't Verified!
In order to create a playlist on Sporcle, you need to verify the email address you used during registration. Go to your
Sporcle Settings
to finish the process.
Report this User
Report this user for behavior that violates our
Community Guidelines
.
Details:
Send Report
Go to the Sporcle.com Mobile Site →
Comments